[Event "Patras op"]
[Site "Patras"]
[Date "2002.08.08"]
[Round "9.40"]
[White "Kaldiris, Theodoros"]
[Black "Seferlis, Georgios"]
[Result "1-0"]
[WhiteElo "1000"]
[BlackElo "1530"]
[PlyCount "51"]
[EventDate "2002.08.??"]
[EventType "swiss"]
[EventRounds "9"]
[EventCountry "GRE"]
[SourceTitle "CBM 089 Extra"]
[Source "ChessBase"]
[SourceDate "2002.09.10"]
[SourceVersion "2"]
[SourceVersionDate "2002.09.10"]
[SourceQuality "1"]

1. e4 c5 2. Nf3 e6 3. d4 cxd4 4. Nxd4 a6 5. Nc3 d6 6. Bd3 Nf6 7. 0-0 g6 8. Be3 Bg7 9. h3 0-0 10. f4 Nfd7 11. Qd2 Nc5 12. b4 Nxd3 13. cxd3 Bd7 14. Rac1 Nc6 15. Nce2 Nxd4 16. Nxd4 Rc8 17. a4 Bxa4 18. f5 exf5 19. exf5 Rxc1 20. Rxc1 Bxd4 21. Bxd4 f6 22. Qa2+ Rf7 23. fxg6 hxg6 24. Qxa4 f5 25. Re1 Qh4 26. Qe8+ 1-0

[Event "Patras op"]
[Site "Patras"]
[Date "2002.08.02"]
[Round "2.41"]
[White "Efkarpidis, Stylianos"]
[Black "Kaldiris, Theodoros"]
[Result "1-0"]
[WhiteElo "1585"]
[BlackElo "1000"]
[PlyCount "110"]
[EventDate "2002.08.??"]
[EventType "swiss"]
[EventRounds "9"]
[EventCountry "GRE"]
[SourceTitle "CBM 089 Extra"]
[Source "ChessBase"]
[SourceDate "2002.09.10"]
[SourceVersion "2"]
[SourceVersionDate "2002.09.10"]
[SourceQuality "1"]

1. e4 e5 2. Bc4 Bc5 3. Nf3 Nc6 4. c3 Nf6 5. d3 0-0 6. b4 Bb6 7. b5 Na5 8. Nxe5 d6 9. Bxf7+ Rxf7 10. Nxf7 Kxf7 11. Be3 Bxe3 12. fxe3 Bg4 13. Qd2 Qd7 14. c4 b6 15. 0-0 Kg8 16. Nc3 Nb7 17. Rf2 h6 18. a4 Nc5 19. Re1 a6 20. Qc2 axb5 21. axb5 Qe8 22. h3 Be6 23. Rf3 Ncd7 24. Ne2 Ne5 25. Rf2 Ng6 26. Nd4 Bd7 27. Nf3 c5 28. Qc3 Ne5 29. Nxe5 dxe5 30. Ra1 Rxa1+ 31. Qxa1 Qg6 32. Qxe5 Bxh3 33. Qh2 Be6 34. Qb8+ Kh7 35. Qxb6 Ng4 36. Rf3 Qh5 37. Qc7 Qg5 38. Qf4 Qh4 39. Qg3 Qg5 40. b6 Bc8 41. Rf4 h5 42. Rf8 Bb7 43. Rf7 h4 44. Qf4 Qg6 45. Qf5 Qxf5 46. exf5 Bc6 47. b7 Bxb7 48. Rxb7 Nxe3 49. f6 Kg8 50. Rxg7+ Kf8 51. Rc7 Ng4 52. Rxc5 Nxf6 53. Rf5 Ke7 54. Rxf6 Kxf6 55. c5 Ke5 1-0